00841nam a2200181 i 450000100060000000300090000600500170001500700030003200800410003524500760007626000720015230000210022450001210024571001220036685200320048899900170052095201220053783501ES-MaACL20250828095218.0t|041117s1973 sp ||||1| spa d00aIntroducción al estudio de las Ciencias Económicas y Empresariales. aMadrid : bConfederación Española de Cajas de Ahorros, c[1973] a80 p. ; c18 cm. aPrecede al tit.: Universidad Nacional de Educación a Distancia. Facultad de Ciencias Económicas y Empresariales.2 aUniversidad Nacional de Educación a Distancia (España). bFacultad de Ciencias Económicas y Empresariales97415 aES-MaACLjC-55821 bR.88439 c83501d83501 00104070aATENEOMbATENEOMcDEPO2d2008-01-17eSCl0oC-55821p1087274r2023-02-23 00:00:00w2023-02-23yMONOGRAFIA